Countries with Two Capitals - Statistics

General Stats
  • This quiz has been taken 46 times
  • The average score is 8 of 9
Answer Stats
Capitals Country % Correct
Kabul Afghanistan
98%
Kuala Lumpur Malaysia
98%
Amsterdam Netherlands
98%
Colombo Sri Lanka
98%
La Paz Bolivia
93%
Abidjan Ivory Coast
82%
Cotonou Benin
77%
Bujumbura Burundi
77%
Lobamba Eswatini
68%
No matching quizzes found
Score Distribution
Percent of People with Each Score
Percentile by Number Answered
Your Score History
You have not taken this quiz